000
00295nam a2200121Ia 4500
008
190216s9999||||xx |||||||||||||| ||und||
100
_a
Gopal K Puri
245
0
_a
Computers For All
260
_b
Iims Pub
_c
1995
300
_a
160p
650
_a
"Computer Programming. Programs, Data"
942
_c
BK
999
_c
8497
_d
8497